000 00268nam a22000977a 4500
008 240404b |||||||| |||| 00| 0 eng d
020 _a9780141978611
100 _aKOLK DER VAN BESSEL
_97757
245 _aTHE BODY KEEPS THE SCORE
260 _aNEW DELHI
_bPENGUIN BOOKS
_c2015
999 _c12552
_d12552